000 00498cam a2200205ua 4500
001 10787
008 190403n ii |||gr||||Z||||||asm
020 _a9789381485804
040 _cMAIN
041 _aasm
082 _a944.04
100 _aDhrubajyoti Bora,
_eAuthor.
245 _aFarachi biplav
_cBy Dhrubajyoti Bora
250 _a5th ed.
260 _aGuwahati:
_bJyoti prakashan,
_c2015.
300 _a170,vii p.
653 _aFrance & Monaco
653 _aFrench revolution
942 _cBK
999 _c9749
_d9749